| 000 | 00348nam a2200145Ia 4500 | ||
|---|---|---|---|
| 008 | 150201s2001 xx 000 0 und d | ||
| 082 |
_a617 _bS2001A |
||
| 100 | _aATRI,S.C. | ||
| 245 | _aSURGERY FOR DENTAL STUDENTS | ||
| 250 | _a1ST | ||
| 260 |
_bJAYPEE MEDICAL PUBLISHER _aDELHI _c2001 |
||
| 300 | _a1-200 | ||
| 650 | _aSURGERY | ||
| 942 |
_2ddc _cBK |
||
| 999 |
_c2831 _d2831 |
||